As peripécias de Florbela / (Record no. 393)
[ view plain ]
| 000 -LÍDER | |
|---|---|
| campo de controle de tamanho fixo | 00907nam a2200265 4500 |
| 001 - NÚMERO DE CONTROLE | |
| campo de controle | 393 |
| 003 - IDENTIFICADOR DO NÚMERO DE CONTROLE | |
| campo de controle | OSt |
| 005 - DATA E HORÁRIO DA ÚLTIMA TRANSAÇÃO | |
| campo de controle | 20250409083507.0 |
| 008 - CAMPO DE DADOS FIXOS--INFORMAÇÃO GERAL | |
| campo de controle de tamanho fixo | 250409b |||||||b |||| 00| 1 eng d |
| 020 ## - ISBN - INTERNATIONAL STANDARD BOOK NUMBER | |
| ISBN - International Standard Book Number | 9788536648224 |
| 040 ## - FONTE DA CATALOGAÇÃO | |
| Idioma da catalogação | por |
| 041 ## - CÓDIGO DE IDIOMA | |
| Código do idioma do original e/ou traduções intermediárias do texto | por |
| 082 ## - CDD - CLASSIFICAÇÃO DECIMAL DE DEWEY | |
| Número de Classificação | I 028.5 |
| Número do exemplar | R696p |
| 100 ## - ENTRADA PRINCIPAL--NOME PESSOAL | |
| Nome pessoal | Rodrigues, Cláudia Vasconcelos |
| 9 (RLIN) | 827 |
| 245 ## - TÍTULO | |
| Título | As peripécias de Florbela / |
| Indicação de responsabilidade, etc. | Rodrigues, Cláudia Vasconcelos ; Ilustrações de Miguel Muniz Faleira Neto |
| 260 ## - PUBLICAÇÃO, DISTRIBUIÇÃO, ETC. | |
| Local de publicação, distribuição, etc. | São Paulo |
| Nome do editor, distribuidor, etc. | Scortecci Editora |
| Data da publicação, distribuição, etc. | 2016 |
| 300 ## - DESCRIÇÃO FÍSICA | |
| Extensão | 31 p. |
| Outros detalhes físicos | il. |
| 520 ## - NOTA DE RESUMO, ETC. | |
| Resumo, etc. | A mensagem deste livro vem do desejo de mostrar o puro e inalterável amor canino que a doce Florbela Charlotte trouxe para nossas vidas. |
| 650 #0 - ASSUNTO--TERMO TÓPICO | |
| Cabeçalho tópico ou nome geográfico | Literatura Brasileira |
| 9 (RLIN) | 205 |
| 650 #0 - ASSUNTO--TERMO TÓPICO | |
| Cabeçalho tópico ou nome geográfico | Infantil |
| 9 (RLIN) | 535 |
| 650 #0 - ASSUNTO--TERMO TÓPICO | |
| Cabeçalho tópico ou nome geográfico | Amor canino |
| 9 (RLIN) | 828 |
| 655 #0 - TERMO DE ÍNDICE--GÊNERO E FORMA | |
| Gênero/forma/ou termo foco | Livro Infantil |
| 700 ## - ENTRADA ADICIONADA - NOME PESSOAL | |
| Nome pessoal | Neto, Miguel Muniz Faleira |
| Função do autor por extenso | ILUSTRADOR |
| 9 (RLIN) | 829 |
| 942 ## - ELEMENTOS DE ENTRADA ADICIONADOS (KOHA) | |
| Fonte de classificação ou esquema de arquivamento | Classificação decimal de Dewey |
| Ocultar no OPAC | Não |
| Tipo de material Koha | Livros |
| Situação do descarte | Situação das perdas | Fonte de classificação ou esquema de arquivamento | Status danificado | Não pode ser emprestado | Coleção | Biblioteca de origem | Biblioteca atual | Localização na estante | Data de aquisição | Fonte de aquisição | Total de empréstimos | Número de chamada completo | Código de barras | Data de último acesso | Data do preço efetivo | Tipo de material Koha |
|---|---|---|---|---|---|---|---|---|---|---|---|---|---|---|---|---|
| Classificação decimal de Dewey | Livros Infantis | Biblioteca Professor Eduardo Afonso de Castro | Biblioteca Professor Eduardo Afonso de Castro | Infantil | 09.04.2025 | doação | I 028.5 / R696p | 2025-17330 | 09.04.2025 | 09.04.2025 | Livros |